Summae contra gentiles

I tiakina i:
Ngā taipitopito rārangi puna kōrero
Kaituhi matua: Tomás de Aquino 1220-1274 Santo (Author)
Hōputu: Pukapuka
Reo:Rātini
I whakaputaina: Roma Forzanii et Socii 1894
Putanga:1a. ed
Ngā marau:
Ngā Tūtohu: Tāpirihia he Tūtohu
Kāore He Tūtohu, Me noho koe te mea tuatahi ki te tūtohu i tēnei pūkete!

MARC

LEADER 00000cam a2200000 a 4500
001 UCD3528
003 CL-VaPUC
008 160609e18940000it |||||||||||||||||lat|d
082 0 4 |a 189.4  |b TOM  |2 21 
100 |a Tomás de Aquino  |d 1220-1274  |c Santo  |e author  |9 255832 
245 1 0 |a Summae contra gentiles 
250 |a 1a. ed 
300 |a 722 p 
942 |c BK 
945 |d 20160609 22:21:00  |a dcastane 
260 |a Roma  |b Forzanii et Socii  |c 1894 
650 0 |a Escolasticismo  |9 264998 
650 7 |a DOCTRINAS RELIGIOSAS  |2 CL-VaPUC  |9 337177 
650 0 |a Teología   |9 258766 
650 0 |a Filosofía medieval  |9 256245 
583 |a last modification  |c 20160609 22:21:00  |k Rodrigo Vera 
999 |c 364564  |d 364562 
952 |0 0  |1 0  |3 erd  |4 0  |6 189_400000000000000_TOM_1894  |7 0  |8 X  |9 477930  |a BIBTEO  |b BIBTEO  |c TEO_FFR  |i 5237270  |o 189.4 TOM 1894  |p 5237270  |r 2024-01-18  |w 2019-11-24  |y BK_X  |z Catalogado en:20160609  |k OFM